000
00247 a2200097 4500
001
46248
100
_a
Vernon, R
245
_a
Multinational enterprise and national security
260
_a
London
_b
Institute for Strategic
_c
090
_c
29363
_d
29363
942
_a
NUST-CAE
_c
M
_c
21517
999
_c
281321
_d
281321